| 000 | 00606nam a22001577a 4500 | ||
|---|---|---|---|
| 003 | OSt | ||
| 005 | 20150922151613.0 | ||
| 008 | 150922b xxu||||| |||| 00| 0 eng d | ||
| 040 | _cRUA | ||
| 082 | _aAGR SOU 2007 B035 Or.1 | ||
| 100 |
_91124 _aSOURNG SOPHEAKTRA |
||
| 245 | _aThe dragon fruit production in banteay srey district, siem reap province,(ផលិតកម្មដំណាំស្រកានាគ ក្នុងស្រុកបន្ទាយស្រី ខេត្តសៀមរាប) | ||
| 260 |
_aphnom penh _bRUA _c2007 |
||
| 300 |
_axiii,37p. _cill. _g29cm. |
||
| 942 |
_2ddc _cAGR |
||
| 999 |
_c1076 _d1076 |
||